A voice for everyone (Record no. 71758)

MARC details
000 -LEADER
fixed length control field 00998cam a2200229 4500
001 - CONTROL NUMBER
control field ABS66260
008 - FIXED-LENGTH DATA ELEMENTS--GENERAL INFORMATION
fixed length control field 021213n2002 000 0 eng u
035 ## - SYSTEM CONTROL NUMBER
System control number (Sirsi) u120766
100 ## - MAIN ENTRY--PERSONAL NAME
Personal name Beider, H
245 #2 - TITLE STATEMENT
Title A voice for everyone
260 ## - PUBLICATION, DISTRIBUTION, ETC.
Date of publication, distribution, etc. 2002
490 ## - SERIES STATEMENT
Series statement Inside Housing
Volume/sequential designation 15 November 2002, 16-17(2)
520 ## - SUMMARY, ETC.
Summary, etc. Argues that decision-making on housing investment should be shared by the diverse communities affected. Examines new project research into barriers which inhibit involvement in the process. Project will generate evidence on the impact of the different investment options on opportunities for black and ethnic minority involvement. It will also review the effectiveness of different methods and approaches involving BME communities in these options.
590 ## - LOCAL NOTE (RLIN)
Local note ABS
650 ## - SUBJECT ADDED ENTRY--TOPICAL TERM
Topical term or geographic name entry element DECISION-MAKING
650 ## - SUBJECT ADDED ENTRY--TOPICAL TERM
Topical term or geographic name entry element STOCK TRANSFER
650 ## - SUBJECT ADDED ENTRY--TOPICAL TERM
Topical term or geographic name entry element ETHNIC MINORITIES
690 ## - LOCAL SUBJECT ADDED ENTRY--TOPICAL TERM (OCLC, RLIN)
Topical term or geographic name as entry element Affordable housing
9 (RLIN) 6215
700 ## - ADDED ENTRY--PERSONAL NAME
Personal name Mullins, D
700 ## - ADDED ENTRY--PERSONAL NAME
Personal name Gayle, S
942 ## - ADDED ENTRY ELEMENTS (KOHA)
Suppress in OPAC 0
Holdings
Withdrawn status Lost status Source of classification or shelving scheme Damaged status Not for loan Home library Current library Shelving location Date acquired Total Checkouts Full call number Barcode Date last seen Copy number Price effective from Koha item type
    Dewey Decimal Classification     London London Journal article 13/12/2002   ABS66260 120766-1001 06/08/2019 1 06/08/2019 Journal article